000 00413nam a2200133Ia 4500
005 20260328104340.0
008 260328s9999||||xx |||||||||||||| ||und||
100 _aLarrañaga, Enrique
245 0 _aLo óptico y lo háptico :
_b Obras y Proyectos de Enrique Larrañaga y Vilma Obadía /
_cEnrique Larrañaga
260 _bMuseo de Arte Contemporáneo
300 _a110 p.
650 _aARQUITECTURA
942 _cBK
999 _c12048
_d12048